Statistics for 2020-21 Arsenal F.C. Squad

Click here to take the quiz!

General Stats

  • This quiz has been taken 162 times
  • The average score is 25 of 32

Answer Stats

Squad NumberPositionNationalityPlayer% Correct
1GKGermanBernd Leno
100%
2RBSpanishHéctor Bellerín
96%
14STGabonesePierre-Emerick Aubameyang
95%
7LMEnglishBukayo Saka
94%
3LBScottishKeiran Tierney
94%
9STFrenchAlexandre Lacazette
93%
34DMSwissGranit Xhaka
91%
19RWIvorianNicolas Pépé
91%
10AMGermanMesut Özil
90%
6CBBrazilianGabriel
89%
18DMGhanaianThomas Partey
87%
25DMEgyptianMohamed Elneny
86%
35LWBrazilianGabriel Martinelli
84%
-ManagerSpanishMikel Arteta
84%
16CBEnglishRob Holding
84%
5CBGreekSokratis Papastathopoulos
81%
12RWBrazilianWillian
81%
31LBBosnianSead Kolašinac
80%
20CBGermanShkrodan Mustafi
80%
23CBBrazilianDavid Luiz
79%
17RBPortugueseCédric
78%
4CBFrenchWilliam Saliba
78%
8CMSpanishDani Ceballos
76%
32AMEnglishEmile Smith Rowe
73%
30STEnglishEddie Nketiah
72%
22CBSpanishPablo Marí
69%
24RWEnglishReiss Nelson
67%
21CBEnglishCallum Chambers
64%
13GKIcelandicRúnar Alex Rúnarsson
59%
15RMEnglishAinsley Maitland-Niles
54%
28CMEnglishJoe Willock
47%
33GKEnglishMatt Macey
27%

Score Distribution

Percentile by Number Answered

Percent of People with Each Score

Your Score History

You have not taken this quiz